000 01038nam a2200277 a 4500
008 260428s2026 sp 000 0 spa d
041 _aspa
245 0 0 _aCCOO gana las elecciones en la empresa que agrupa a todas las gasolineras de Campsa Red en Ciudad Real
260 _aToledo :
_bCCOO de Castilla-La Mancha,
_c2026
300 _a1 p. ;
_c 30 cm
500 _aEn: Gaceta Sindical Digital : Castilla-La Mancha, n. 614 (abril 2026), p. 7
650 0 _aACTITUD SINDICAL
_961
650 0 _aCOMUNIDADES AUTONOMAS
_9344
650 0 _aCASTILLA-LA MANCHA
_93732
650 0 _aELECCION
_91516
650 0 _aREPRESENTACION DE LOS TRABAJADORES
_9374
650 0 _aSINDICATO
_9208
650 0 _aCCOO
_960
650 0 _aDERECHOS DE LOS TRABAJADORES
_94
650 0 _aCOMBUSTIBLE PARA MOTORES
_916440
650 0 _aGASOLINA
_91637
710 2 _aCCOO
_bCastilla-La Mancha
_eed.
_924880
856 _zPDF
_uhttps://docpublicos.ccoo.es/cendoc/073537CCOOGanaEleccionesCampsa.pdf
907 _aElecciones sindicales
942 _cDOCU_ELEC
_2ddc
_n0
999 _c64690
_d64690